Production functions and aggregation / (Record no. 2235)
[ view plain ]
| 000 -LEADER | |
|---|---|
| fixed length control field | 00598nam a22002057a 4500 |
| 001 - CONTROL NUMBER | |
| control field | 2235 |
| 003 - CONTROL NUMBER IDENTIFIER | |
| rucl marc code | BD-RjUL |
| 005 - DATE AND TIME OF LATEST TRANSACTION | |
| control field | 20211208233517.0 |
| 008 - FIXED-LENGTH DATA ELEMENTS--GENERAL INFORMATION | |
| fixed length control field | 131210s1975 ne ||||| |||| 00| 0 eng d |
| 035 ## - SYSTEM CONTROL NUMBER | |
| System control number | (BD-RjUL)2262 |
| 040 ## - CATALOGING SOURCE | |
| Original cataloging agency | BD-RjUL |
| Language of cataloging | eng |
| Transcribing agency | BD-RjUL |
| 041 ## - LANGUAGE CODE | |
| Language code of text/sound track or separate title | eng |
| 082 ## - DEWEY DECIMAL CLASSIFICATION NUMBER | |
| Edition number | 19 |
| Classification number | 338.5 |
| Author mark and year | SAP 1975 |
| 100 ## - MAIN ENTRY--PERSONAL NAME | |
| Personal name | Satō, Kazuo. |
| 9 (RLIN) | 7280 |
| 245 ## - TITLE STATEMENT | |
| Title | Production functions and aggregation / |
| Statement of responsibility, etc. | Kazuo Satō |
| 260 ## - PUBLICATION, DISTRIBUTION, ETC. (IMPRINT) | |
| Place of publication, distribution, etc. | New York : |
| Name of publisher, distributor, etc. | North-Holland Pub. Co, |
| Date of publication, distribution, etc. | c1975 |
| 300 ## - PHYSICAL DESCRIPTION | |
| Pagination | xxxiii, 313 p. : |
| Illustrations | ill. ; |
| Size | 23 cm. |
| 650 ## - SUBJECT ADDED ENTRY--TOPICAL TERM | |
| Topical term or geographic name as entry element | Production functions (Economic theory) |
| 9 (RLIN) | 132121 |
| 942 ## - ADDED ENTRY ELEMENTS (KOHA) | |
| Source of classification or shelving scheme | Dewey Decimal Classification |
| Koha item type | Books |
| Lost status | Source of classification or shelving scheme | Damaged status | Not for loan | Collection code | Permanent Location | Current Location | Shelving location | Date acquired | Source of acquisition | Total Checkouts | Full call number | Date last seen | Copy number | Koha item type |
|---|---|---|---|---|---|---|---|---|---|---|---|---|---|---|
| Dewey Decimal Classification | Non-fiction | Central Library, University of Rajshahi | Central Library, University of Rajshahi | 02/04/1979 | Netherland | 338.5 SAP 1975 | 10/12/2013 | C-2 | Books | |||||
| Dewey Decimal Classification | Non-fiction | Central Library, University of Rajshahi | Central Library, University of Rajshahi | 02/04/1979 | Netharland gift | 338.5 SAP 1975 | 02/03/2014 | C-3 | Books | |||||
| Dewey Decimal Classification | Non-fiction | Central Library, University of Rajshahi | Central Library, University of Rajshahi | 10/11/1980 | Nitterland | 338.5 SAP 1975 | 18/06/2016 | C-4 | Books | |||||
| Dewey Decimal Classification | Non-fiction | Central Library, University of Rajshahi | Central Library, University of Rajshahi | 02/04/1974 | Netherland | 338.5 SAP 1975 | 18/06/2016 | C-5 | Books |